Zelda Music Medley Quiz Stats

 Plays Quiz Updated Feb 21, 2020

     
Support Sporcle.
Go Orange.
Score 0/34 Timer 09:00
0 Plays Today
Time in Medley Song % Correct
0:05 - 0:13Saria's Song
83.5%
0:19 - 0:27Epona's Song
83.3%
0:39 - 0:45Zelda's Lullaby
74.1%
1:48 - 2:00Song of Time
58.2%
1:24 - 1:30Bolero of Fire
54.2%
3:06 - 3:13Song of Storms
54.1%
0:13 - 0:19Song of Healing
52%
0:00 - 0:05Sun's Song/Song of Passing
48.1%
0:55 - 1:02Minuet of Forest
43.5%
1:16 - 1:24Prelude of Light
42.2%
2:09 - 2:14Nocturne of Shadow
36.3%
2:38 - 2:51Serenade of Water
34.3%
1:02 - 1:09Goron Lullaby
32.6%
0:32 - 0:39New Wave Bossa Nova
28.7%
2:31 - 2:38Oath to Order
28.5%
2:04 - 2:09Song of Soaring
28.3%
3:28 - 3:43Ballad of the Wind Fish
22.3%
Time in Medley Song % Correct
3:49 - 3:57Requiem of Spirit
18.7%
2:14 - 2:20Elegy of Emptiness
18.4%
0:45 - 0:55Earth God's Lyric
17.3%
1:45 - 1:48Wind's Requiem
17%
3:01 - 3:06Sonata of Awakening
16.9%
2:00 - 2:04Command Melody
16.6%
3:16 - 3:28Wind God's Aria
14.1%
2:54 - 3:01Ballad of Gales
13.2%
0:27 - 0:32Song of Awakening
10.3%
1:09 - 1:13Song of Discovery
8.7%
1:41 - 1:45Song of Birds
8.2%
1:30 - 1:41Manbo's Mambo
6.9%
3:43 - 3:49Song of Light
5.6%
1:13 - 1:16Tune of Echoes
4.7%
2:20 - 2:31Frog's Song of Soul
4.6%
2:51 - 2:54Tune of Ages
4.3%
3:13 - 3:16Tune of Currents
4.1%

From the Vault

5x5 Word Scramble

by slipkid

Whoever created this quiz deserves a high five.
Remove Ads.
Support Sporcle.
Get the best of Sporcle when you Go Orange. This ad-free experience offers more features, more stats, and more fun while also helping to support Sporcle. Thank you for becoming a member.

Show Comments

Extras

Top Quizzes Today


Score Distribution

Your Account Isn't Verified!

In order to create a playlist on Sporcle, you need to verify the email address you used during registration. Go to your Sporcle Settings to finish the process.

Report this User

Report this user for behavior that violates our Community Guidelines.

Details: